<?xml version="1.0" encoding="UTF-8"?>
<collection xmlns="http://www.loc.gov/MARC21/slim">
  <record>
    <leader>00000nam  2200000   4500</leader>
    <controlfield tag="001">INLIS000000000017259</controlfield>
    <controlfield tag="005">20240830113306</controlfield>
    <datafield tag="035" ind1="#" ind2="#">
      <subfield code="a">0010-0624000162</subfield>
    </datafield>
    <controlfield tag="007">ta</controlfield>
    <controlfield tag="008">240830################|##########|#|##</controlfield>
    <datafield tag="084" ind1="#" ind2="#">
      <subfield code="a">R 025 PKA 2023</subfield>
    </datafield>
    <datafield tag="100" ind1=" " ind2="#">
      <subfield code="a">Septiana Jatiningsih</subfield>
    </datafield>
    <datafield tag="245" ind1="1" ind2="#">
      <subfield code="a">Optimalisasi Uji Kompetensi Jabatan Fungsional di Bidang Kebencanaan Melalui Pembangunan Sistem Informasi Penyelenggaraan Uji Kompetensi Secara Elektronik (SIUKOM) /</subfield>
      <subfield code="c">Septiana Jatiningsih</subfield>
    </datafield>
    <datafield tag="260" ind1="#" ind2="#">
      <subfield code="a">Jakarta :</subfield>
      <subfield code="b">Pusbangkom Pimnas dan Manajerial ASN,</subfield>
      <subfield code="c">2023</subfield>
    </datafield>
    <datafield tag="300" ind1="#" ind2="#">
      <subfield code="a">80 halaman ;</subfield>
      <subfield code="c">30 cm</subfield>
    </datafield>
    <datafield tag="650" ind1="#" ind2="4">
      <subfield code="a">Uji Kompetensi</subfield>
    </datafield>
    <datafield tag="650" ind1="#" ind2="4">
      <subfield code="a">Jabatan Fungsional</subfield>
    </datafield>
    <datafield tag="520" ind1="#" ind2="#">
      <subfield code="a">Dengan adanya uji kompetensi ini memperjelas standar kerja dan harapan yang ingin dicapai oleh organisasi. Kompetensi individu bisa dipakai sebagai alat seleksi pegawai yang potensial. Kecakapan pegawai akan memaksimalkan produktivitas organisasi. Semakin kompeten pegawai yang dimiliki organisasi, maka kinerja dan produktivitas organisasi semakin meningkat, sehingga kompetensi menjadi hal yang sangat krusial bagi organisasi. Berdasarkan kondisi tersebut, BNPB selaku instansi pembina JF di bidang kebencanaan harus segara melaksanakan percepatan penyelenggaraan uji kompetensi JF di bidang kebencanaan dengan membangun Sistem Informasi Penyelenggaraan Uji Kompetensi (SIUKOM) secara elektronik sehingga tercapai pelaksanaan uji kompetensi cepat, tepat, akuntabel dan transparan dengan memperpendek rentak kendali</subfield>
    </datafield>
    <datafield tag="856" ind1="#" ind2="#">
      <subfield code="a">Perpustakaan LAN Pusat</subfield>
    </datafield>
    <datafield tag="990" ind1="#" ind2="#">
      <subfield code="a">24.06.025</subfield>
    </datafield>
  </record>
</collection>
